| 000 | 00593nam a22002297a 4500 | ||
|---|---|---|---|
| 003 | OSt | ||
| 005 | 20180116183008.0 | ||
| 008 | 150817b xxu||||| |||| 00| 0 eng d | ||
| 020 | _a9780749446550 | ||
| 022 | _a9780749446550 | ||
| 040 | _c0 | ||
| 050 | _a658.827 | ||
| 082 | _a658.827 | ||
| 100 | _aHaig,Matt | ||
| 245 |
_aBrand Failures. _bThe Truth about the 100 biggest branding mistakes of all time. _cMatt Haig |
||
| 260 |
_aLondon. _bKogan Page. _c2003 |
||
| 300 | _a260p. | ||
| 500 | _aPaper Cover | ||
| 600 | _aHaig,Matt | ||
| 700 | _aHaig,Matt | ||
| 942 |
_2ddc _cBK _k658.827 |
||
| 999 |
_c350147 _d350147 |
||